| 000 | 00472nam a2200181Ia 4500 | ||
|---|---|---|---|
| 003 | OSt | ||
| 005 | 20140320112523.0 | ||
| 008 | 140130s9999 xx 000 0 und d | ||
| 020 | _a0439438365 | ||
| 050 |
_aLB 1573.7 _b.N5 2004 |
||
| 100 | _aNickelsen, LeAnn | ||
| 245 |
_cLeAnn Nickelsen. _aPoint of view and fact and opinion / |
||
| 260 |
_bScholastic, _c2004. _aNew York : |
||
| 300 |
_a64 p. : _bill. ; _c26 cm. |
||
| 440 | _v1 | ||
| 942 |
_cBK _2lcc |
||
| 999 |
_c41807 _d41807 |
||